Prominente Teilnehmer beim "Duell um die Welt" - Statistiken

Allgemein
  • Dieses Quiz wurde 75 mal gespielt
  • Das Durchschnittsergebnis liegt bei 19 aus 68
Antwortstatistiken
Team Anzahl Jahre Länder Bekanntester Beruf Name % Korrekt
Klaas 1 2018 Jamaika Rapper Sido
72%
Joko 1 2018 Tschechien TV-Koch Tim Mälzer
67%
Joko 1 2019 Portugal Sänger Max Giesinger
53%
Joko 1 2021 Schweiz Model Stefanie Giesinger
53%
Joko 3 20182019 2020 EnglandItalien Russland Fußballer Thorsten Legat
53%
Joko 3 20202021 2023 Liechtenstein/ ÖsterreichÖsterreich Schauspieler Axel Stein
52%
JokoKlaas 2 20182019 SchweizNorwegen Moderatorin Jeannine Michaelsen
52%
Klaas 1 2023 Schweiz Gruppe bekannt durch Tiktok Elevator Boys
50%
Joko 1 2019 Lettland Sängerin Lena Meyer-Landrut
50%
Klaas 1 2021 Niederlande Podcaster Tommi Schmitt
50%
Klaas 1 2020 Schweiz Turner Fabian Hambüchen
47%
Joko 1 2018 Japan Moderator Steven Gätjen
45%
Klaas 1 2019 Südafrika Sänger Bill Kaulitz
43%
Joko 1 2019 Russland Autorin Charlotte Roche
43%
Klaas 1 2019 Südafrika Gittarrist Tom Kaulitz
43%
Klaas 1 2020 Island Sänger Wincent Weiss
43%
Joko 1 2019 Mexiko Fußballer Mario Basler
40%
Klaas 1 2018 Spanien Moderatorin Palina Rojinski
40%
Klaas 1 2023 Frankreich TV-Producer (Ersatz für Promi) Jakob Lundt
36%
Joko 1 2022 Frankreich Skispringer Sven Hannawald
34%
Klaas 1 2021 Lettland Nachrichten-sprecherin Linda Zervakis
33%
Klaas 1 2020 Norwegen Sängerin Vanessa Mai
33%
Klaas 1 2021 Kroatien Hip-Hopper Michi Beck
29%
Klaas 1 2023 Indien Musicaldarsteller Alexander Klaws
28%
Joko 1 2022 Schottland Entertainer Benni Wolter / Benjamin Wolter
28%
Joko 1 2022 Schottland Entertainer Dennis Wolter
28%
Joko 1 2020 Griechenland Bodybuilder Ralf Moeller
28%
Klaas 1 2019 Taiwan Komiker / Schauspieler Simon Gosejohann
28%
Joko 1 2019 Indonesien Musiker Evil Jared / Jared Hasselhoff
26%
Klaas 1 2024 Italien Komikerin Hazel Brugger
26%
Joko 1 2021 Spanien Entertainer Jens Knossalla / Knossi
26%
Klaas 1 2020 Tschechien Komiker Luke Mockridge
26%
Klaas 1 2023 Norwegen Popsänger Sasha
26%
Klaas 1 2018 Estland Juror Thomas Hayo
26%
Klaas 1 2024 Rumänien Schauspieler Wayne Carpendale
26%
Klaas 1 2018 Slowenien Moderator Johannes B. Kerner
24%
Klaas 1 2022 USA Sänger Johannes Oerding
24%
Joko 1 2021 Mexiko Choreografin Nikeata Thompson
24%
Klaas 1 2022 Mexiko Schauspielerin Sophie Passmann
24%
Joko 1 2023 Niederlande Schauspielerin Jessica Schwarz
22%
Klaas 1 2019 Schweiz Schauspieler Edin Hasanović
21%
Joko 1 2019 Belize Rapper Marteria / Marten Laciny
21%
Joko 1 2023 Schweiz Rapperin Nura
21%
Klaas 1 2019 Frankreich / Ungarn Moderatorin Sophia Thomalla
21%
Joko 1 2024 England Tennisspielerin Andrea Petković
19%
Joko 1 2022 USA Fußballer Kevin Großkreutz
19%
Klaas 1 2021 Schweden Sängerin Lucy Diakovska
19%
Klaas 1 2019 Nigeria Starfotograf Paul Janke
19%
Klaas 1 2019 China Sänger Clueso
17%
Joko 1 2019 Polen Sänger H.P. Baxxter
17%
Joko 1 2020 Italien Moderatorin Janin Ullmann
17%
Joko 1 2021 Malta Sänger Johannes Strate
17%
Klaas 1 2021 Lettland Podcaster Micky Beisenherz
17%
Joko 1 2023 Spanien You-Tuberin Nilam Farooq
17%
Joko 1 2024 Griechenland Komiker Michael Mittermeier
16%
Joko 1 2022 Grönland Moderator Riccardo Simonetti
16%
Klaas 1 2023 Polen Synchronsprecher / Musiker Wigald Boning
16%
Joko 1 2021 USA / Deutschland Popmusiker Axel Bosse
14%
Klaas 1 2022 Mexiko Schauspielerin Collien Ulmen-Fernandes
14%
Klaas 1 2021 Polen Moderator Jan Köppen
14%
Joko 1 2023 Thailand Fußballer Patrick Owomoyela / Owo
12%
Joko 1 2023 USA Fußballer René Adler
12%
Klaas 1 2019 USA Moderator Jochen Schropp
9%
Joko 1 2023 Indonesien Sängerin Nadja Benaissa
9%
Joko 1 2023 USA Moderatorin Dunja Hayali
7%
Klaas 1 2023 Nordirland Komiker / Autor Oliver Polak
5%
Klaas 1 2022 Schweden Moderatorin Verona Pooth
5%
Klaas 1 2023 Indonesien Schauspieler /Synchronsprecher Daniel Fehlow
2%
Keine übereinstimmenden Quizze gefunden
Verteilung der Resultate
Anzahl Personen mit jedem Resultat
Perzentil nach korrekt beantworteten Fragen
Ihre Resultats-Entwicklung
Sie haben dieses Quiz noch nicht gespielt